000 00366nam a2200157Ia 4500
005 20241001134000.0
008 240806s9999||||xx |||||||||||||| ||eng||
041 _aeng
082 _a891.4309
_bDUBH
100 _aDubey, Abhay Kumar
245 0 _aHindi me hum /
_cDubey, Abhay Kumar
260 _bVani Prakashan
300 _a411p.
650 _aHindi
942 _cBK
999 _c4688
_d4688